[Event "COL-ch Amateur U1700"]
[Site "Paipa"]
[Date "2020.03.01"]
[Round "9"]
[White "Orozco, Omar"]
[Black "Moncada, Duvan Andres"]
[Result "1-0"]
[WhiteElo "1635"]
[BlackElo "1573"]
[PlyCount "73"]
[EventDate "2020.02.26"]
[EventType "swiss"]
[EventRounds "9"]
[EventCountry "COL"]
[SourceTitle "EXT 2021"]
[Source "ChessBase"]
[SourceDate "2020.10.23"]
[SourceVersion "1"]
[SourceVersionDate "2020.10.23"]
[SourceQuality "1"]

1. c4 e6 2. g3 d5 3. Bg2 Nf6 4. b3 b6 5. Bb2 Bb7 6. d3 Nbd7 7. Nf3 c5 8. cxd5 exd5 9. d4 Bd6 10. 0-0 0-0 11. Nc3 Rc8 12. e3 Re8 13. Re1 Nf8 14. Nh4 Qd7 15. Rc1 c4 16. bxc4 Rxc4 17. Qb3 Rb4 18. Qc2 Rc8 19. Qe2 Rbc4 20. e4 Bb4 21. e5 Ng4 22. h3 Nxf2 23. Qxf2 Bxc3 24. Bxc3 Rxc3 25. Rxc3 Rxc3 26. Nf5 Ba6 27. Qd2 Rd3 28. Qg5 Ng6 29. Bf1 Ra3 30. Bxa6 Rxa6 31. h4 h6 32. Qg4 Qa4 33. h5 b5 34. hxg6 Rxg6 35. Ne7+ Kh7 36. Nxg6 fxg6 37. e6 1-0

[Event "COL-chD"]
[Site "Bogota"]
[Date "2019.09.01"]
[Round "7"]
[White "Guerra, Miguel"]
[Black "Moncada, Duvan Andres"]
[Result "1-0"]
[WhiteElo "1705"]
[BlackElo "1528"]
[PlyCount "54"]
[EventDate "2019.08.28"]
[EventType "swiss"]
[EventRounds "7"]
[EventCountry "COL"]
[SourceTitle "EXT 2020"]
[Source "ChessBase"]
[SourceDate "2019.10.17"]
[SourceVersion "1"]
[SourceVersionDate "2019.10.17"]
[SourceQuality "1"]

1. d4 Nf6 2. Bg5 e6 3. e3 c5 4. c3 b6 5. Qf3 Nc6 6. Bxf6 Qxf6 7. Qxf6 gxf6 8. Nf3 d5 9. Nbd2 Bd6 10. Bb5 Bd7 11. 0-0 h5 12. g3 0-0-0 13. e4 h4 14. exd5 exd5 15. dxc5 Bxc5 16. b4 Bd6 17. Nxh4 Rxh4 18. gxh4 Bh3 19. Kh1 Bxf1 20. Rxf1 Ne5 21. Be2 Ng6 22. Bg4+ Kc7 23. Nf3 Rh8 24. h5 Nf4 25. Rd1 f5 26. Bxf5 Rxh5 27. Bg4 Rh8 1-0

[Event "Gachantiva op 9th"]
[Site "Gachantiva"]
[Date "2019.06.24"]
[Round "6"]
[White "Moncada, Duvan Andres"]
[Black "Lopez Ramirez, David Santiago"]
[Result "0-1"]
[WhiteElo "1520"]
[BlackElo "1891"]
[PlyCount "60"]
[EventDate "2019.06.21"]
[EventType "swiss"]
[EventRounds "7"]
[EventCountry "COL"]
[SourceTitle "CBM 191 Extra"]
[Source "ChessBase"]
[SourceDate "2019.09.30"]
[SourceVersion "1"]
[SourceVersionDate "2019.09.30"]
[SourceQuality "1"]

1. e4 d6 2. d4 Nf6 3. Nc3 g6 4. h3 Bg7 5. Nf3 0-0 6. Bf4 a6 7. a4 c5 8. e5 Nh5 9. Bh2 cxd4 10. Nxd4 dxe5 11. Nf3 Nf4 12. Ne4 Bf5 13. Qxd8 Rxd8 14. Nc5 b6 15. g4 bxc5 16. gxf5 gxf5 17. Rg1 Nc6 18. c3 Rab8 19. Bxa6 Rxb2 20. Bb5 Na5 21. Nxe5 Ng6 22. Kf1 Rdd2 23. Rg2 Nh4 24. Nd3 Rbc2 25. Rg3 c4 26. Nb4 Rxf2+ 27. Ke1 Rce2+ 28. Kd1 Rd2+ 29. Kc1 Nb3+ 30. Kb1 Rb2# 0-1

[Event "COL-ch U1700"]
[Site "Pereira"]
[Date "2019.03.25"]
[Round "9"]
[White "Moncada, Duvan Andres"]
[Black "Lopez Rayo, Isabella"]
[Result "0-1"]
[WhiteElo "1614"]
[BlackElo "1470"]
[PlyCount "38"]
[EventDate "2019.03.21"]
[EventType "swiss"]
[EventRounds "9"]
[EventCountry "COL"]
[SourceTitle "CBM 189 Extra"]
[Source "ChessBase"]
[SourceDate "2019.06.03"]
[SourceVersion "1"]
[SourceVersionDate "2019.06.03"]
[SourceQuality "1"]

1. e4 c5 2. Nf3 Nc6 3. d4 cxd4 4. Nxd4 g6 5. Bc4 Bg7 6. Be3 Nf6 7. Nxc6 bxc6 8. e5 Qa5+ 9. Nc3 Qxe5 10. 0-0 d5 11. Bb3 Ng4 12. g3 Nxe3 13. fxe3 Qxe3+ 14. Kg2 Bxc3 15. bxc3 Qxc3 16. Rf3 Qg7 17. Bxd5 cxd5 18. Qxd5 0-0 19. Raf1 Be6 0-1

[Event "COL-ch U1700"]
[Site "Pereira"]
[Date "2019.03.22"]
[Round "2"]
[White "Vizcaino Castillo, Andrea Carolina"]
[Black "Moncada, Duvan Andres"]
[Result "0-1"]
[WhiteElo "1445"]
[BlackElo "1614"]
[PlyCount "44"]
[EventDate "2019.03.21"]
[EventType "swiss"]
[EventRounds "9"]
[EventCountry "COL"]
[SourceTitle "CBM 189 Extra"]
[Source "ChessBase"]
[SourceDate "2019.06.03"]
[SourceVersion "1"]
[SourceVersionDate "2019.06.03"]
[SourceQuality "1"]

1. e4 e6 2. d4 d5 3. e5 c5 4. c3 Nc6 5. Nf3 Qb6 6. a3 a5 7. Bd3 cxd4 8. cxd4 Bd7 9. Bc2 f6 10. Nc3 fxe5 11. Nxe5 Nxe5 12. dxe5 g6 13. 0-0 Bg7 14. Re1 Ne7 15. Rb1 Nc6 16. Bf4 0-0 17. Bg3 Rac8 18. Nxd5 Qc5 19. Nc3 Nxe5 20. Bxe5 Qxf2+ 21. Kh1 Bc6 22. Re2 Bxg2# 0-1

[Event "COL-ch sf 2nd"]
[Site "Tunja"]
[Date "2018.04.21"]
[Round "8"]
[White "Moncada, Duvan Andres"]
[Black "Bernal Parra, Eliana Valentina"]
[Result "1-0"]
[WhiteElo "1595"]
[BlackElo "1337"]
[PlyCount "111"]
[EventDate "2018.04.17"]
[EventType "swiss"]
[EventRounds "10"]
[EventCountry "COL"]
[SourceTitle "CBM 184 Extra"]
[Source "ChessBase"]
[SourceDate "2018.06.28"]
[SourceVersion "1"]
[SourceVersionDate "2018.06.28"]
[SourceQuality "1"]

1. e4 c5 2. Nf3 Nc6 3. d4 cxd4 4. Nxd4 Nf6 5. Nc3 d6 6. Be3 g6 7. Nxc6 bxc6 8. Bc4 Bg7 9. e5 Ng4 10. e6 d5 11. exf7+ Kxf7 12. Qf3+ Ke8 13. Nxd5 Ne5 14. Qf4 cxd5 15. Bb5+ Bd7 16. Be2 Qb8 17. 0-0 Nc4 18. Qh4 Bf6 19. Qh6 Qe5 20. Bxc4 dxc4 21. c3 Bf5 22. Rfe1 Bg7 23. Qh4 Qe4 24. Qg3 Be5 25. f4 Bf6 26. Kh1 Kf7 27. Bxa7 Qb7 28. Bc5 Qxb2 29. Qf3 Rhe8 30. Qd5+ e6 31. Qd7+ Kg8 32. Rad1 Rad8 33. Qc6 Rc8 34. Qa4 Qb8 35. Bb4 Qa8 36. Qb5 Qc6 37. Qxc6 Rxc6 38. a4 Ra6 39. a5 Be7 40. Rd7 Bf8 41. h3 h5 42. Rc7 Bd3 43. g4 hxg4 44. hxg4 Bxb4 45. cxb4 Rb8 46. f5 gxf5 47. gxf5 exf5 48. Ree7 f4 49. Kg2 Rh6 50. b5 Rh7 51. b6 Rxe7 52. Rxe7 Kf8 53. Rc7 Be4+ 54. Kf2 Rb7 55. Rxc4 Rf7 56. Rxe4 1-0